| 000 | 00697nam a22002177a 4500 | ||
|---|---|---|---|
| 003 | 0 | ||
| 005 | 20250909143633.0 | ||
| 008 | 250909b xxu||||| |||| 00| 0 eng d | ||
| 020 | _a978-0-357-85127-2 | ||
| 050 |
_aQD 45 _b.S56 2024 |
||
| 100 |
_aSlowinski, Emil J., _eauthor. |
||
| 245 |
_aChemical principles in the laboratory / _cEmil J. Slowinski, Wayne C. Wolsey, and Robert C. Rossi. |
||
| 250 | _aThirteenth edition. | ||
| 260 |
_aBoston, MA : _bCengage, _c2024. |
||
| 300 |
_axii, 420 pages ; _c28 cm. |
||
| 650 |
_aChemistry _xLaboratory manuals. |
||
| 651 | _aChemical experiments. | ||
| 700 |
_aWolsey, Wayne C., _eauthor. |
||
| 700 |
_aRossi, Robert C., _eauthor. |
||
| 942 |
_2lcc _cBK |
||
| 999 |
_c367841 _d367841 |
||